[Event "6. ODEM U25 2009"]
[Site "Willingen GER"]
[Date "2009.06.02"]
[Round "5"]
[White "Azizi, Nassim"]
[Black "Reksten, Daniel"]
[Result "0-1"]
[Termination "normal"]
[Board "24"]
[WhiteElo "1692"]
[BlackElo "1638"]
[PlyCount "130"]
[WhiteFideId "4608119"]
[BlackFideId "24692590"]
[EventCountry "GER"]
[EventRounds "9"]
[EventType "swiss"]
[EventDate "2009.05.30"]

1. d4 d5 2. c4 e6 3. Nc3 Nf6 4. Bg5 Be7 5. Nf3 Nbd7 6. cxd5 exd5 7. e3 c6 8.
Bd3 O-O 9. O-O Re8 10. Qc2 Nf8 11. a3 Bd7 12. b4 Rc8 13. Qb3 Qb6 14. Na4 Qc7
15. Rac1 Ne6 16. Bh4 h6 17. Nc3 Qd8 18. Ne5 Rc7 19. Bg3 Rc8 20. b5 Nh5 21. bxc6
Bxc6 22. Be2 Nxg3 23. hxg3 Qd6 24. Nb5 Bxb5 25. Bxb5 Red8 26. Be2 Rxc1 27. Rxc1
Qxa3 28. Qxa3 Bxa3 29. Ra1 Bd6 30. Rxa7 Bxe5 31. dxe5 Rb8 32. Bf3 Nc7 33. Ra5
Rd8 34. Ra7 Rb8 35. Ra2 Kf8 36. Rc2 Na6 37. Bxd5 Nb4 38. Rc5 Nxd5 39. Rxd5 Ke7
40. Rb5 Kd7 41. Kf1 Kc6 42. Rb3 b5 43. Ke2 Kd5 44. f4 Kc4 45. Rd3 b4 46. Kd2
Rb7 47. g4 Ra7 48. Rd4+ Kb3 49. f5 Re7 50. Rd5 Kb2 51. e4 b3 52. Kd3 Kb1 53. f6
gxf6 54. exf6 Ra7 55. e5 Ka2 56. Ke4 b2 57. Rd2 Ka1 58. Rd1+ b1=Q+ 59. Rxb1+
Kxb1 60. Kf5 Ra5 61. Ke4 Ra6 62. Kf5 Kc2 63. Ke4 Kc3 64. Ke3 Re6 65. Kf4 Kc4
0-1

[Event "6. ODEM U25 2009"]
[Site "Willingen GER"]
[Date "2009.06.02"]
[Round "5"]
[White "Stövesand, Eric"]
[Black "Durmisi, Valon"]
[Result "1-0"]
[Termination "normal"]
[Board "25"]
[WhiteElo "1805"]
[BlackElo "1619"]
[PlyCount "131"]
[WhiteFideId "24651117"]
[EventCountry "GER"]
[EventRounds "9"]
[EventType "swiss"]
[EventDate "2009.05.30"]

1. e4 e5 2. Nf3 Nc6 3. Bb5 Nf6 4. O-O d6 5. h3 Bd7 6. Re1 Be7 7. c3 a6 8. Ba4
O-O 9. d4 exd4 10. cxd4 b5 11. Bb3 Na5 12. Bc2 c5 13. Nbd2 Rc8 14. Nf1 Qc7 15.
Bg5 Kh8 16. Rc1 Ng8 17. Ng3 Nc6 18. Bxe7 Ngxe7 19. Bb1 Na5 20. e5 c4 21. Ng5 g6
22. Qf3 Kg8 23. Nh5 Bf5 24. Nf6+ Kg7 25. Nfxh7 dxe5 26. Nxf8 Rxf8 27. dxe5 Nac6
28. Bxf5 Nxf5 29. e6 Ncd4 30. Qd5 Qe7 31. Nxf7 Nxe6 32. Qxe6 Rxf7 33. Qxe7 Nxe7
34. Re6 Nd5 35. Rxa6 Nb4 36. Ra3 Nd3 37. Rxd3 cxd3 38. Rd1 Rd7 39. f3 Kf6 40.
Kf2 Kg5 41. g3 Rc7 42. Ke3 Rc2 43. Rd2 Kf6 44. Kxd3 Rc7 45. Ke3 g5 46. Rd5 Re7+
47. Kd2 Rb7 48. Kc3 b4+ 49. Kb3 Re7 50. Kxb4 Re3 51. f4 gxf4 52. gxf4 Re4+ 53.
Kb5 Rxf4 54. a4 Ke6 55. Rc5 Rf3 56. a5 Rb3+ 57. Kc6 Rxb2 58. a6 Ra2 59. Kb7
Rb2+ 60. Kc7 Ra2 61. Rc6+ Ke7 62. Kb7 Kd7 63. h4 Ra5 64. a7 Rxa7+ 65. Kxa7 Kxc6
66. h5 1-0

[Event "6. ODEM U25 2009"]
[Site "Willingen GER"]
[Date "2009.06.02"]
[Round "5"]
[White "Holle, Cedric"]
[Black "Windjäger, Gerd"]
[Result "0-1"]
[Termination "normal"]
[Board "26"]
[WhiteElo "1701"]
[BlackElo "1782"]
[PlyCount "68"]
[WhiteFideId "24692158"]
[EventCountry "GER"]
[EventRounds "9"]
[EventType "swiss"]
[EventDate "2009.05.30"]

1. e4 c6 2. d4 d5 3. Nc3 dxe4 4. Nxe4 Nf6 5. Nxf6+ gxf6 6. Nf3 Bg4 7. Be2 e6 8.
c3 Bd6 9. h3 Bh5 10. g4 Bg6 11. Bh6 Qc7 12. Bd3 Nd7 13. h4 Bf4 14. Bxf4 Qxf4
15. Bxg6 hxg6 16. Nd2 f5 17. gxf5 Qxf5 18. Qb3 Qd5 19. Qxd5 cxd5 20. Ke2 Ke7
21. Kf3 Rac8 22. Rae1 b5 23. Re2 a5 24. Kg3 Nb6 25. Nf3 Nc4 26. Rhe1 b4 27.
cxb4 axb4 28. b3 Nd6 29. Kg4 Nf5 30. Rd2 Rc3 31. Ree2 f6 32. Re1 Kd7 33. Rh1 g5
34. Rh2 Nh6+ 0-1

[Event "6. ODEM U25 2009"]
[Site "Willingen GER"]
[Date "2009.06.02"]
[Round "5"]
[White "Paulus, Jeffrey"]
[Black "Laqua, Stefan"]
[Result "1-0"]
[Termination "normal"]
[Board "27"]
[WhiteElo "1917"]
[BlackElo "1744"]
[PlyCount "49"]
[WhiteFideId "24692468"]
[BlackFideId "4674634"]
[EventCountry "GER"]
[EventRounds "9"]
[EventType "swiss"]
[EventDate "2009.05.30"]

1. d4 Nf6 2. c4 e6 3. Nc3 c5 4. d5 exd5 5. cxd5 d6 6. e4 g6 7. Nf3 Bg7 8. h3 a6
9. a4 O-O 10. Bd3 Re8 11. O-O Nbd7 12. Bf4 Qc7 13. Re1 b6 14. Qd2 Bb7 15. Rad1
Re7 16. Qc2 Rae8 17. Nd2 Bxd5 18. Bxa6 Bc6 19. f3 Ne5 20. Nf1 Nh5 21. Bh2 f5
22. Ne3 Nf6 23. Nb5 Bxb5 24. Bxb5 Nfd7 25. Nd5 1-0

[Event "6. ODEM U25 2009"]
[Site "Willingen GER"]
[Date "2009.06.02"]
[Round "5"]
[White "Stark, Sven"]
[Black "Holle, Eric"]
[Result "1/2-1/2"]
[Termination "normal"]
[Board "28"]
[WhiteElo "1763"]
[BlackElo "1735"]
[PlyCount "42"]
[WhiteFideId "4670124"]
[BlackFideId "4624610"]
[EventCountry "GER"]
[EventRounds "9"]
[EventType "swiss"]
[EventDate "2009.05.30"]

1. e4 e6 2. d4 d5 3. exd5 exd5 4. Bd3 Bd6 5. Nf3 Ne7 6. Bg5 O-O 7. O-O f6 8.
Be3 Bf5 9. Nc3 c6 10. Ne2 Qc7 11. Re1 Nd7 12. Qd2 Bxd3 13. Qxd3 Rae8 14. Qd2
Ng6 15. c3 f5 16. Qc2 Ne7 17. Nc1 Nf6 18. h3 Ne4 19. Nd3 Ng6 20. b3 Rf6 21.
Nfe5 Rfe6 1/2-1/2

[Event "6. ODEM U25 2009"]
[Site "Willingen GER"]
[Date "2009.06.02"]
[Round "5"]
[White "Nekrasova, Kateryna"]
[Black "Plumbaum, Nadja"]
[Result "1/2-1/2"]
[Termination "normal"]
[Board "29"]
[WhiteElo "1833"]
[BlackElo "1667"]
[PlyCount "78"]
[WhiteFideId "24636266"]
[BlackFideId "24691941"]
[EventCountry "GER"]
[EventRounds "9"]
[EventType "swiss"]
[EventDate "2009.05.30"]

1. e4 c5 2. Nf3 Nc6 3. d4 cxd4 4. Nxd4 Nf6 5. Nc3 d6 6. Bg5 e6 7. Bb5 Bd7 8.
Bxc6 Bxc6 9. Nxc6 bxc6 10. Qf3 Be7 11. e5 Nd5 12. Bxe7 Qxe7 13. exd6 Qxd6 14.
O-O O-O 15. Ne4 Qb4 16. b3 Rad8 17. c4 Ne7 18. Rfd1 Nf5 19. Rd3 Nd4 20. Nf6+
Kh8 21. Qh5 h6 22. Rh3 Qe7 23. Ne4 Rd7 24. Re1 Rfd8 25. g4 Kg8 26. g5 Nf5 27.
Kh1 Rd3 28. gxh6 Rxh3 29. h7+ Kh8 30. Qxh3 Nh6 31. Rg1 Rd4 32. Qg2 g6 33. c5
Qh4 34. Nd6 Rg4 35. Nxf7+ Kxh7 36. Qf3 Rf4 37. Qd3 Rxf7 38. Rxg6 Nf5 39. Rxe6
Qd4 1/2-1/2

[Event "6. ODEM U25 2009"]
[Site "Willingen GER"]
[Date "2009.06.02"]
[Round "5"]
[White "Rummer, Martin"]
[Black "Stark, Timo"]
[Result "0-1"]
[Termination "normal"]
[Board "30"]
[WhiteElo "1589"]
[BlackElo "1821"]
[PlyCount "103"]
[WhiteFideId "12900184"]
[BlackFideId "4670183"]
[EventCountry "GER"]
[EventRounds "9"]
[EventType "swiss"]
[EventDate "2009.05.30"]

1. e4 c5 2. Nc3 a6 3. f4 d6 4. Nf3 Nc6 5. g3 g6 6. Bg2 Bg7 7. O-O Nf6 8. d3 Bd7
9. Nh4 Rc8 10. f5 Qb6 11. Kh1 Ne5 12. Bh3 Qc6 13. g4 b5 14. g5 b4 15. gxf6 Bxf6
16. fxg6 hxg6 17. Bxd7+ Qxd7 18. Rxf6 bxc3 19. Nxg6 Nxg6 20. Rf2 Qh3 21. bxc3
Ne5 22. Bf4 Ng4 23. Rf3 Qh5 24. h3 Kd7 25. Kg2 Ne5 26. Rg3 Ng6 27. Bg5 Rb8 28.
Qxh5 Rxh5 29. Kh2 Rb2 30. Rg2 Ne5 31. Bc1 Rb8 32. Rg3 f5 33. d4 cxd4 34. cxd4
Nf7 35. e5 dxe5 36. dxe5 Rc8 37. Rd3+ Ke6 38. c3 Nxe5 39. Re3 Kf6 40. Kg3 Rc4
41. Kg2 f4 42. Re1 Rxc3 43. Bxf4 Nd3 44. Rf1 Rf5 45. Bd2 Rc2 46. Rxf5+ Kxf5 47.
Rd1 Rxa2 48. Kg3 e5 49. Bc3 Nf4 50. Bb4 Rb2 51. Bc5 Rb3+ 52. Kf2 0-1

[Event "6. ODEM U25 2009"]
[Site "Willingen GER"]
[Date "2009.06.02"]
[Round "5"]
[White "Stemmler, Lysan"]
[Black "Röhlich, Philipp"]
[Result "1/2-1/2"]
[Termination "normal"]
[Board "31"]
[WhiteElo "1856"]
[BlackElo "1043"]
[PlyCount "84"]
[WhiteFideId "24622451"]
[BlackFideId "24692832"]
[EventCountry "GER"]
[EventRounds "9"]
[EventType "swiss"]
[EventDate "2009.05.30"]

1. e4 c5 2. Nf3 Nc6 3. d4 cxd4 4. Nxd4 g6 5. Be3 Bg7 6. Nc3 Nf6 7. Bc4 Ng4 8.
Nxc6 bxc6 9. Bxf7+ Kxf7 10. Qxg4 Rf8 11. Qe2 Qa5 12. Bd2 Qb6 13. Qc4+ Ke8 14.
O-O-O Ba6 15. Qb3 Qxb3 16. axb3 Rxf2 17. g3 d6 18. Be3 Rf3 19. Bd2 Kd7 20. Na4
Kc7 21. Bg5 Bf6 22. Bxf6 Rxf6 23. e5 Re6 24. exd6+ exd6 25. Rde1 Rae8 26. Kd1
Kd7 27. Nc3 Rxe1+ 28. Rxe1 Rxe1+ 29. Kxe1 Ke6 30. Kf2 Ke5 31. Nd1 h5 32. Ne3
Ke4 33. h4 c5 34. Ng2 Bc8 35. Nf4 Bf5 36. c3 d5 37. Ke2 d4 38. cxd4 Kxd4 39.
Kd2 c4 40. bxc4 Kxc4 41. Ne2 Kb3 42. Kc1 a6 1/2-1/2

[Event "6. ODEM U25 2009"]
[Site "Willingen GER"]
[Date "2009.06.02"]
[Round "5"]
[White "Valet, Alexander"]
[Black "Frischmann, Rick"]
[Result "0-1"]
[Termination "normal"]
[Board "32"]
[WhiteElo "1550"]
[BlackElo "1685"]
[PlyCount "108"]
[WhiteFideId "24682560"]
[BlackFideId "24660752"]
[EventCountry "GER"]
[EventRounds "9"]
[EventType "swiss"]
[EventDate "2009.05.30"]

1. e4 c5 2. Nf3 e6 3. d4 cxd4 4. Nxd4 a6 5. c4 d6 6. Nc3 Nf6 7. Be3 Be7 8. Be2
O-O 9. O-O Qc7 10. Qc2 b6 11. b3 Bb7 12. f4 Nbd7 13. Bf3 Rac8 14. Rac1 Qb8 15.
Qb1 Rfd8 16. Rfd1 Qa8 17. Nde2 h5 18. Ng3 h4 19. Nh1 Nc5 20. Nf2 d5 21. exd5
exd5 22. cxd5 Nxd5 23. Bxd5 Bxd5 24. Rxd5 Rxd5 25. Nxd5 Qxd5 26. b4 h3 27. Nxh3
Qe6 28. Bxc5 bxc5 29. bxc5 Rxc5 30. Re1 Rb5 31. Qe4 Bc5+ 32. Kf1 Qxa2 33. Qe8+
Bf8 34. Qe2 Rb2 35. Qf3 Qc4+ 36. Kg1 Qd4+ 37. Kh1 f6 38. Rd1 Qc5 39. Qd3 a5 40.
Rb1 Rxb1+ 41. Qxb1 Qb4 42. Qd3 Qc5 43. Ng1 a4 44. Qe4 a3 45. Ne2 Kf7 46. Qb7+
Qe7 47. Qd5+ Qe6 48. Qxe6+ Kxe6 49. Nc3 Bb4 50. Na2 Ba5 51. Kg1 Kd5 52. g4 Kc4
53. g5 fxg5 54. fxg5 Kb3 0-1

[Event "6. ODEM U25 2009"]
[Site "Willingen GER"]
[Date "2009.06.02"]
[Round "5"]
[White "Usov, Andreas"]
[Black "Neumair, Cedric"]
[Result "0-1"]
[Termination "normal"]
[Board "34"]
[WhiteElo "1491"]
[BlackElo "1867"]
[PlyCount "118"]
[WhiteFideId "24601713"]
[BlackFideId "4698304"]
[EventCountry "GER"]
[EventRounds "9"]
[EventType "swiss"]
[EventDate "2009.05.30"]

1. e4 c5 2. Nf3 d6 3. d4 cxd4 4. Nxd4 Nf6 5. Nc3 a6 6. Be3 e5 7. Nb3 Be6 8. Be2
Nbd7 9. O-O b5 10. a3 Be7 11. f4 exf4 12. Bxf4 Ne5 13. Nd4 O-O 14. Nxe6 fxe6
15. Bxe5 dxe5 16. Qxd8 Rfxd8 17. Rad1 Bc5+ 18. Kh1 Bd4 19. Rd3 Rac8 20. Rfd1
Rf8 21. Bf3 Rc6 22. a4 Bxc3 23. axb5 axb5 24. Rxc3 Rxc3 25. bxc3 Rc8 26. Rd3
Kf7 27. g3 Rc4 28. Re3 Ke7 29. Bg2 Kd6 30. Bf1 Rxe4 31. Rxe4 Nxe4 32. Bxb5 Nxc3
33. Bc4 e4 34. Kg2 Ke5 35. Kf2 Nd5 36. Bb3 Kd4 37. c4 Nb4 38. Bd1 Nd3+ 39. Ke2
Kxc4 40. Ke3 Kd5 41. Bb3+ Ke5 42. Bxe6 Kxe6 43. Kxe4 Ne5 44. Kf4 Kf6 45. h4 Nf7
46. g4 h6 47. Ke4 g5 48. h5 Ne5 49. Ke3 Nxg4+ 50. Kf3 Ne5+ 51. Kg3 Kf5 52. Kh3
Kf4 53. Kg2 g4 54. Kf2 g3+ 55. Kg1 Kf3 56. Kf1 g2+ 57. Kg1 Nd3 58. Kh2 Kf2 59.
Kh3 g1=Q 0-1

[Event "6. ODEM U25 2009"]
[Site "Willingen GER"]
[Date "2009.06.02"]
[Round "5"]
[White "Bart, Simon"]
[Black "Klosa, Kevin"]
[Result "1-0"]
[Termination "normal"]
[Board "35"]
[WhiteElo "1988"]
[BlackElo "1453"]
[PlyCount "65"]
[WhiteFideId "24637327"]
[BlackFideId "12900206"]
[EventCountry "GER"]
[EventRounds "9"]
[EventType "swiss"]
[EventDate "2009.05.30"]

1. e4 e5 2. Nf3 Nc6 3. d4 exd4 4. Nxd4 Bc5 5. Be3 Qf6 6. c3 Bb6 7. Bc4 Ne5 8.
Be2 a6 9. O-O d6 10. f4 Nc6 11. Na3 Be6 12. Nc4 Bxc4 13. Bxc4 O-O-O 14. Qd2
Nge7 15. Kh1 Na5 16. Bd3 Rdf8 17. Rae1 c5 18. Nf3 h6 19. b4 Nac6 20. e5 dxe5
21. fxe5 Qe6 22. bxc5 Bc7 23. Bd4 Kb8 24. Qe2 Ng6 25. Bc4 Nf4 26. Bxe6 Nxe2 27.
Bc4 Nf4 28. Nh4 Ne6 29. Nf5 Nexd4 30. cxd4 g6 31. Nd6 Nxd4 32. Bxf7 g5 33. e6
1-0

[Event "6. ODEM U25 2009"]
[Site "Willingen GER"]
[Date "2009.06.02"]
[Round "5"]
[White "Takeuchi, Eiki"]
[Black "Berger, Manuel"]
[Result "1-0"]
[Termination "normal"]
[Board "36"]
[WhiteElo "1882"]
[BlackElo "1767"]
[PlyCount "75"]
[WhiteFideId "24663751"]
[BlackFideId "24692506"]
[EventCountry "GER"]
[EventRounds "9"]
[EventType "swiss"]
[EventDate "2009.05.30"]

1. e4 c5 2. Nc3 Nc6 3. f4 g6 4. Nf3 Bg7 5. Bc4 e6 6. O-O Nge7 7. Bb3 d5 8. e5
a6 9. a4 O-O 10. Qe1 c4 11. Ba2 Nf5 12. d3 Nb4 13. Bb1 Qb6+ 14. Kh1 cxd3 15.
cxd3 Rd8 16. g4 Ne7 17. d4 f5 18. Qh4 Re8 19. h3 Bd7 20. Ng5 h6 21. Nf3 Kf7 22.
Qf2 Rh8 23. a5 Qa7 24. Bd2 Rac8 25. b3 Rc7 26. Ne2 Nbc6 27. Bd3 Nb8 28. Bb4 Qa8
29. Ng3 Qa7 30. Rg1 Rg8 31. gxf5 gxf5 32. Nh5 Ng6 33. Rxg6 Kxg6 34. Rg1+ Kh7
35. Qh4 Be8 36. Rxg7+ Rgxg7 37. Nf6+ Kh8 38. Qxh6+ 1-0

[Event "6. ODEM U25 2009"]
[Site "Willingen GER"]
[Date "2009.06.02"]
[Round "5"]
[White "Popp, Maximilian"]
[Black "Wang, Julia"]
[Result "1/2-1/2"]
[Termination "normal"]
[Board "37"]
[WhiteElo "1704"]
[BlackElo "1506"]
[PlyCount "81"]
[WhiteFideId "24673668"]
[BlackFideId "24692565"]
[EventCountry "GER"]
[EventRounds "9"]
[EventType "swiss"]
[EventDate "2009.05.30"]

1. d4 f5 2. e4 fxe4 3. Nc3 Nf6 4. Bg5 d5 5. Bxf6 exf6 6. Qh5+ g6 7. Qxd5 Qe7 8.
Qxe4 Bf5 9. Qxe7+ Bxe7 10. Nd5 Bd8 11. O-O-O O-O 12. Ne3 Bd7 13. h4 h6 14. Bd3
Kg7 15. Ne2 Nc6 16. c3 Ne7 17. Rhe1 a5 18. g4 a4 19. Ng3 Ra5 20. f3 c6 21. h5
g5 22. Nef5+ Nxf5 23. Bxf5 Be8 24. Bd3 Bd7 25. Bf5 Be8 26. Re3 Bc7 27. Ne2 Bxh5
28. Kb1 Bf7 29. Be6 Re8 30. Bxf7 Kxf7 31. Rxe8 Kxe8 32. Rh1 c5 33. Kc2 cxd4 34.
Nxd4 Be5 35. Rxh6 Rc5 36. Nf5 b5 37. a3 Rc4 38. Kd3 Rf4 39. Rh3 Kd7 40. Ke3 Rc4
41. Rh1 1/2-1/2

[Event "6. ODEM U25 2009"]
[Site "Willingen GER"]
[Date "2009.06.02"]
[Round "5"]
[White "Baier, Christoph"]
[Black "Schirra, Felix"]
[Result "1-0"]
[Termination "normal"]
[Board "38"]
[WhiteElo "1671"]
[BlackElo "1440"]
[PlyCount "23"]
[WhiteFideId "24655759"]
[BlackFideId "24692662"]
[EventCountry "GER"]
[EventRounds "9"]
[EventType "swiss"]
[EventDate "2009.05.30"]

1. d4 g6 2. e4 Bg7 3. Nf3 d6 4. Bc4 f5 5. Ng5 Nh6 6. Be6 Bf6 7. exf5 Bxg5 8.
Bxg5 Nxf5 9. Bb3 Nc6 10. c3 h6 11. Bf4 g5 12. Qh5+ 1-0

[Event "6. ODEM U25 2009"]
[Site "Willingen GER"]
[Date "2009.06.02"]
[Round "5"]
[White "Jorczik, Andreas"]
[Black "Wachinger, David"]
[Result "1-0"]
[Termination "normal"]
[Board "39"]
[WhiteElo "1792"]
[BlackElo "1386"]
[PlyCount "41"]
[WhiteFideId "24634921"]
[BlackFideId "24692689"]
[EventCountry "GER"]
[EventRounds "9"]
[EventType "swiss"]
[EventDate "2009.05.30"]

1. d4 d5 2. c4 c6 3. Nf3 Nf6 4. Nc3 e6 5. Bg5 Nbd7 6. e3 Be7 7. Qc2 O-O 8. cxd5
exd5 9. Bd3 h6 10. h4 Re8 11. O-O-O Bb4 12. Bxf6 Nxf6 13. Ne5 Be6 14. f3 Rc8
15. a3 Ba5 16. b4 Bb6 17. g4 a5 18. g5 hxg5 19. hxg5 Nd7 20. Qh2 Nxe5 21. Qh8#
1-0

[Event "6. ODEM U25 2009"]
[Site "Willingen GER"]
[Date "2009.06.02"]
[Round "5"]
[White "Rummer, Bärbel"]
[Black "Herbst, Matthew"]
[Result "1/2-1/2"]
[Termination "normal"]
[Board "40"]
[WhiteElo "1476"]
[BlackElo "1615"]
[PlyCount "62"]
[WhiteFideId "12900109"]
[BlackFideId "24601950"]
[EventCountry "GER"]
[EventRounds "9"]
[EventType "swiss"]
[EventDate "2009.05.30"]

1. e4 e5 2. Nf3 Nc6 3. Bc4 Bc5 4. c3 Nf6 5. b4 Bb6 6. d3 a6 7. Bg5 d6 8. h3 h6
9. Bh4 g5 10. Bg3 Bd7 11. Qb3 Qe7 12. Nbd2 Nh5 13. Nf1 Qf6 14. Bh2 Nf4 15. Bxf4
Qxf4 16. Ng3 Qf6 17. Qc2 Qg6 18. Qe2 Nd8 19. Nd2 h5 20. Ngf1 Ne6 21. g3 Rf8 22.
Ne3 Ng7 23. g4 hxg4 24. hxg4 O-O-O 25. O-O-O Be6 26. f3 Rh8 27. Nf5 Kd7 28. Rh2
Rh7 29. Rdh1 Rdh8 30. Qg2 Ba7 31. a4 c6 1/2-1/2

[Event "6. ODEM U25 2009"]
[Site "Willingen GER"]
[Date "2009.06.02"]
[Round "5"]
[White "Kempe, Markus"]
[Black "Bachem, Sabrina"]
[Result "1-0"]
[Termination "normal"]
[Board "41"]
[WhiteElo "1348"]
[BlackElo "1599"]
[PlyCount "163"]
[WhiteFideId "24692638"]
[EventCountry "GER"]
[EventRounds "9"]
[EventType "swiss"]
[EventDate "2009.05.30"]

1. e4 c5 2. Nf3 e6 3. d4 cxd4 4. Nxd4 Nf6 5. Nc3 d6 6. f4 Nc6 7. Be3 Be7 8. Be2
O-O 9. Bf3 Bd7 10. O-O e5 11. Nxc6 Bxc6 12. f5 a6 13. Qe1 Nd7 14. Nd5 Bxd5 15.
exd5 Bf6 16. c3 Rc8 17. Rc1 b5 18. g4 Nc5 19. Qd2 h6 20. Kh1 Re8 21. Rg1 Bg5
22. Be2 e4 23. b4 Nd7 24. c4 bxc4 25. Rxc4 Rxc4 26. Bxc4 Nb8 27. Re1 Qf6 28.
Bxg5 Qxg5 29. Qxg5 hxg5 30. Re3 Re7 31. Kg1 Rc7 32. Rxe4 Kf8 33. Kf2 Re7 34.
Ke3 Rxe4+ 35. Kxe4 Ke7 36. b5 axb5 37. Bxb5 Kd8 38. a4 Kc7 39. f6 gxf6 40. Kf5
Kb6 41. Kxf6 Kc5 42. Kxg5 Kxd5 43. Kf6 Nc6 44. Bxc6+ Kxc6 45. Kxf7 d5 46. g5 d4
47. g6 d3 48. g7 d2 49. g8=Q d1=Q 50. Qa8+ Kc5 51. Qa5+ Kc6 52. Qa8+ Kc5 53.
Qc8+ Kb4 54. h3 Qf3+ 55. Kg6 Qd3+ 56. Qf5 Qd6+ 57. Kg5 Qd8+ 58. Kg4 Kxa4 59.
Qf4+ Kb5 60. Qg5+ Qxg5+ 61. Kxg5 Kc6 62. Kg6 Kd6 63. h4 Ke7 64. Kg7 Ke6 65. h5
Kf5 66. h6 Kg5 67. h7 Kf5 68. h8=Q Ke4 69. Qh5 Kd4 70. Qf5 Kc4 71. Qe5 Kd3 72.
Qf4 Kc3 73. Qe4 Kb3 74. Qd4 Kc2 75. Qe3 Kb2 76. Qd3 Ka2 77. Qb5 Ka3 78. Kf6 Ka2
79. Ke5 Ka3 80. Kd4 Ka2 81. Kc3 Ka3 82. Qa5# 1-0

[Event "6. ODEM U25 2009"]
[Site "Willingen GER"]
[Date "2009.06.02"]
[Round "5"]
[White "Mann, Jonas"]
[Black "Sasse, Fabius"]
[Result "0-1"]
[Termination "normal"]
[Board "42"]
[WhiteElo "1296"]
[BlackElo "1579"]
[PlyCount "54"]
[WhiteFideId "12900214"]
[BlackFideId "24659657"]
[EventCountry "GER"]
[EventRounds "9"]
[EventType "swiss"]
[EventDate "2009.05.30"]

1. e4 e5 2. Nf3 Nf6 3. Nxe5 d6 4. Nf3 Nxe4 5. Bc4 Be7 6. d3 Nf6 7. O-O d5 8.
Bb3 Bg4 9. Bg5 O-O 10. Nbd2 Nbd7 11. Re1 c6 12. h3 Bh5 13. g4 Bg6 14. Ne5 Nxe5
15. Rxe5 Bd6 16. Re3 Bc5 17. Rf3 a5 18. Bxf6 gxf6 19. a4 Kh8 20. Rg3 Bd6 21.
Rg2 f5 22. gxf5 Bxf5 23. Qh5 Bg6 24. Qh6 Qf6 25. Rb1 Bf4 26. Qxf8+ Rxf8 27. Nf3
Bf5 0-1

[Event "6. ODEM U25 2009"]
[Site "Willingen GER"]
[Date "2009.06.02"]
[Round "5"]
[White "Kuckling, Jonas"]
[Black "Sailer, Fabian"]
[Result "1-0"]
[Termination "normal"]
[Board "43"]
[WhiteElo "1539"]
[BlackElo "1380"]
[PlyCount "61"]
[WhiteFideId "24603856"]
[EventCountry "GER"]
[EventRounds "9"]
[EventType "swiss"]
[EventDate "2009.05.30"]

1. d4 d5 2. c4 e6 3. Nc3 Nf6 4. Nf3 Nbd7 5. Bg5 Bb4 6. e3 O-O 7. Rc1 c6 8. Bd3
Qc7 9. O-O Re8 10. cxd5 exd5 11. Bb1 Bxc3 12. bxc3 Ne4 13. Bf4 Qa5 14. c4 Nb6
15. Bc7 Qb4 16. Bxb6 Qxb6 17. cxd5 cxd5 18. Ne5 Bf5 19. Nd3 Nf6 20. Nc5 Bc8 21.
Na4 Qd6 22. Nc3 b6 23. Nb5 Qd7 24. Nc7 Bb7 25. Nxe8 Rxe8 26. Rc3 h5 27. Qc2 Qd6
28. Rc7 Ba6 29. Rc1 Ng4 30. Qh7+ Kf8 31. Qh8# 1-0

[Event "6. ODEM U25 2009"]
[Site "Willingen GER"]
[Date "2009.06.02"]
[Round "5"]
[White "Nobis, Philipp"]
[Black "Orhan, Eda"]
[Result "0-1"]
[Termination "normal"]
[Board "44"]
[WhiteElo "1261"]
[BlackElo "1769"]
[PlyCount "56"]
[WhiteFideId "24602183"]
[BlackFideId "24659258"]
[EventCountry "GER"]
[EventRounds "9"]
[EventType "swiss"]
[EventDate "2009.05.30"]

1. e4 d5 2. exd5 Qxd5 3. Nc3 Qd6 4. d4 Nf6 5. Nf3 a6 6. Be2 b5 7. a3 Bb7 8. O-O
e6 9. Be3 Be7 10. Qd2 O-O 11. Rfe1 Nbd7 12. Bf4 Qb6 13. Rad1 c5 14. dxc5 Bxc5
15. Bd6 Bxf2+ 16. Kh1 Bxe1 17. Qxe1 Rfe8 18. Qg3 Rac8 19. Ne5 Nf8 20. Nd3 Ng6
21. Ne5 Ne4 22. Nxe4 Bxe4 23. Nxg6 hxg6 24. c3 Red8 25. Qf4 Qc6 26. Bf1 Bd5 27.
Bb4 Bxg2+ 28. Bxg2 Rxd1+ 0-1

[Event "6. ODEM U25 2009"]
[Site "Willingen GER"]
[Date "2009.06.02"]
[Round "5"]
[White "Brühan, Caren"]
[Black "Rosenberger, Andreas"]
[Result "0-1"]
[Termination "normal"]
[Board "45"]
[WhiteElo "1265"]
[BlackElo "1478"]
[PlyCount "50"]
[WhiteFideId "24691976"]
[BlackFideId "12900192"]
[EventCountry "GER"]
[EventRounds "9"]
[EventType "swiss"]
[EventDate "2009.05.30"]

1. d4 Nf6 2. Bf4 d6 3. Nf3 g6 4. e3 Bg7 5. c4 O-O 6. Nc3 Nbd7 7. b4 Re8 8. Bd3
e5 9. dxe5 dxe5 10. Bg5 e4 11. Nxe4 h6 12. Nxf6+ Bxf6 13. Bxf6 Qxf6 14. O-O Ne5
15. Nxe5 Rxe5 16. Qb3 Bh3 17. f4 Rxe3 18. gxh3 Qd4 19. Kh1 Rxd3 20. Qc2 Rd2 21.
Rfd1 Rd8 22. Rxd2 Qxd2 23. Qa4 Qxf4 24. Qxa7 Qf3+ 25. Kg1 Rd2 0-1

[Event "6. ODEM U25 2009"]
[Site "Willingen GER"]
[Date "2009.06.02"]
[Round "5"]
[White "Kulling, Markus"]
[Black "Schreiber, Justina"]
[Result "1/2-1/2"]
[Termination "normal"]
[Board "47"]
[WhiteElo "1451"]
[BlackElo "1269"]
[PlyCount "88"]
[WhiteFideId "24698911"]
[BlackFideId "24661570"]
[EventCountry "GER"]
[EventRounds "9"]
[EventType "swiss"]
[EventDate "2009.05.30"]

1. d4 d5 2. c4 c6 3. Nc3 Nf6 4. Nf3 Bf5 5. cxd5 cxd5 6. Qb3 e6 7. Qxb7 Nbd7 8.
Bf4 Be7 9. e3 O-O 10. Qb3 Qa5 11. Be2 Bb4 12. O-O Bxc3 13. Qxc3 Qxc3 14. bxc3
Rac8 15. Rac1 Ne4 16. c4 Nb6 17. c5 Na4 18. a3 a5 19. Ne5 Nec3 20. Rfe1 f6 21.
Nf3 Nxe2+ 22. Rxe2 Bd3 23. Rd2 Bc4 24. Rb1 Rc6 25. Bd6 Re8 26. Rb7 Nc3 27. Ra7
Ne4 28. Rb2 Ra6 29. Rd7 Nxd6 30. cxd6 Bd3 31. h3 Rf8 32. Rbb7 g5 33. Ra7 Rxa7
34. Rxa7 Rd8 35. Rxa5 Rxd6 36. Ra8+ Kf7 37. Ra7+ Ke8 38. Ne1 Bg6 39. Kf1 Rd7
40. Rxd7 Kxd7 41. Ke2 Kc6 42. Kd2 Kb5 43. Kc3 Ka4 44. Kb2 h6 1/2-1/2

[Event "6. ODEM U25 2009"]
[Site "Willingen GER"]
[Date "2009.06.02"]
[Round "5"]
[White "Rummer, Evi"]
[Black "Alt, Elisabeth"]
[Result "1-0"]
[Termination "normal"]
[Board "48"]
[WhiteElo "1439"]
[BlackElo "1257"]
[PlyCount "125"]
[WhiteFideId "12900117"]
[BlackFideId "24692620"]
[EventCountry "GER"]
[EventRounds "9"]
[EventType "swiss"]
[EventDate "2009.05.30"]

1. e4 c5 2. Nf3 e6 3. c3 a6 4. g3 Nc6 5. Bg2 Be7 6. d4 cxd4 7. cxd4 Nf6 8. e5
Nd5 9. O-O O-O 10. Nc3 Nxc3 11. bxc3 d5 12. Qd3 b5 13. Re1 Na5 14. h4 h6 15.
Nd2 Rb8 16. Bf1 b4 17. Rb1 Qc7 18. Bb2 Qa7 19. Rec1 Rb6 20. c4 dxc4 21. Nxc4
Nxc4 22. Qxc4 Bb7 23. Qc7 Bd8 24. Qc5 Ba8 25. a3 Qb7 26. d5 exd5 27. Bd4 f6 28.
Qc8 Rc6 29. Rxc6 Qxc6 30. Qxc6 Bxc6 31. axb4 Bb5 32. Ra1 Bxf1 33. Kxf1 Be7 34.
Rxa6 fxe5 35. Bxe5 Bxb4 36. Ra7 Rf7 37. Ra8+ Rf8 38. Ra4 Bc5 39. Bd4 Bd6 40.
Ke2 Re8+ 41. Kd3 Kf7 42. Ra5 Ke6 43. Bxg7 Bf8 44. Ra6+ Kd7 45. Bxh6 Bxh6 46.
Rxh6 Rf8 47. Kd4 Rxf2 48. Kxd5 Rg2 49. Rg6 Ke7 50. Ke5 Kf7 51. Kf5 Rf2+ 52. Kg5
Rg2 53. Kh5 Rh2 54. Ra6 Kg8 55. Ra7 Kh8 56. g4 Kg8 57. g5 Kh8 58. g6 Kg8 59.
Kg5 Kh8 60. h5 Kg8 61. Kh6 Kf8 62. g7+ Kg8 63. Ra8+ 1-0